Welcome to the Holygrace Academy Library

Please use search bar below to get started

WUTHERING HEIGHTS (Record no. 274)

MARC details
000 -LEADER
fixed length control field 00298nam a22001337a 4500
020 ## - INTERNATIONAL STANDARD BOOK NUMBER
ISBN 817826164-2
082 ## - DEWEY DECIMAL CLASSIFICATION NUMBER
Classification number 823
Item number BRO/W
100 ## - MAIN ENTRY--AUTHOR NAME
Personal name EMILY BRONTE
245 ## - TITLE STATEMENT
Title WUTHERING HEIGHTS
260 ## - PUBLICATION, DISTRIBUTION, ETC. (IMPRINT)
Place of publication DELHI
Name of publisher ROHAN BOOK COMPANY
Year of publication 30
300 ## - PHYSICAL DESCRIPTION
Number of Pages 222
650 ## - SUBJECT ADDED ENTRY--TOPICAL TERM
Topical Term MODERN ILLUSTRATED CLASSICS
942 ## - ADDED ENTRY ELEMENTS (KOHA)
Koha item type Books
Holdings
Withdrawn status Lost status Collection code Home library Current library Shelving location Date acquired Source of acquisition Cost, normal purchase price Full call number Accession Number Koha item type
    Fiction Main Library Main Library SHELF-14B -ALPHABETICAL -B--ENGLISH NOVELS & FICTIONS 04/04/2006 purchase 30.00 823 BRO/W 02361 Books
Withdrawn   Fiction Main Library Main Library SHELF-14B -ALPHABETICAL -B--ENGLISH NOVELS & FICTIONS 14/01/2019 PURCHASE   823 BRO/W 10389 Books